[Event "Qatar Masters Open 2023"]
[Site "Doha QAT"]
[Date "2023.10.17"]
[Round "6.42"]
[White "Panesar, Vedant"]
[Black "Madaminov, Mukhiddin"]
[Result "1/2-1/2"]
[WhiteTitle "FM"]
[BlackTitle "IM"]
[WhiteElo "2372"]
[BlackElo "2484"]
[WhiteFideId "35033018"]
[BlackFideId "14210703"]
[EventDate "2023.10.11"]

1. e4 e5 2. Nf3 Nc6 3. Bb5 a6 4. Ba4 Nf6 5. O-O b5 6. Bb3 Bc5 7. a4 Rb8 8. c3 d6
9. d4 Bb6 10. a5 Ba7 11. h3 Bb7 12. Be3 Nxe4 13. d5 Bxe3 14. dxc6 Nxf2 15. Qe2
Nxh3+ 16. Kh1 Nf2+ 17. Rxf2 Bxf2 18. Qxf2 Bxc6 19. Nxe5 Bxg2+ 20. Kg1 O-O 21.
Nxf7 Qe7 22. Kxg2 Qe4+ 23. Qf3 Qxf3+ 24. Kxf3 b4 25. Ke2 Rxf7 26. Bxf7+ Kxf7 27.
Nd2 bxc3 28. bxc3 g5 29. Ne4 Kg6 30. Rf1 Re8 31. Kd3 Re5 32. Rf8 Rd5+ 33. Ke3
Rxa5 34. Rg8+ Kh6 35. Rc8 Re5 36. Kf3 Re7 37. Ra8 Kh5 38. Ng3+ Kg6 39. Rxa6 h5
40. Ra8 Rf7+ 41. Ke3 Re7+ 42. Kf3 Rf7+ 43. Ke3 Rg7 44. Kf3 h4 45. Ne2 Rf7+ 46.
Kg2 Kf5 47. Re8 c5 48. c4 Rb7 49. Rd8 Rb6 50. Kf3 Rb3+ 51. Kf2 Rd3 52. Re8 Rd2
53. Kf3 Rd3+ 54. Kf2 d5 55. Rc8 Kg4 56. Rxc5 h3 57. Rxd5 Rf3+ 58. Kg1 h2+ 59.
Kxh2 Rf2+ 60. Kg1 Rxe2 61. Rd4+ Kh3 62. Rd3+ Kh4 63. Rc3 g4 64. Rd3 Rc2 65. Ra3
Rxc4 66. Kg2 Rc2+ 67. Kg1 Re2 68. Rb3 Kg5 69. Ra3 Re4 70. Kg2 Kf4 71. Rb3 Re2+
72. Kf1 Re3 73. Rxe3 Kxe3 74. Kg2 Kf4 75. Kf2 g3+ 76. Kg2 Kg4 77. Kg1 Kf3 78.
Kf1 g2+ 79. Kg1 Kg3 1/2-1/2

[Event "Qatar Masters Open 2023"]
[Site "Doha QAT"]
[Date "2023.10.17"]
[Round "6.43"]
[White "Nurmanova, Alua"]
[Black "Stany, G.A."]
[Result "0-1"]
[WhiteTitle "WIM"]
[BlackTitle "GM"]
[WhiteElo "2347"]
[BlackElo "2469"]
[WhiteFideId "13729390"]
[BlackFideId "5029104"]
[EventDate "2023.10.11"]

1. e4 e6 2. d4 d5 3. Nc3 Bb4 4. e5 c5 5. a3 Bxc3+ 6. bxc3 Ne7 7. Qg4 Qc7 8. Qxg7
Rg8 9. Qxh7 cxd4 10. Qd3 dxc3 11. Nf3 b6 12. Qd4 Nbc6 13. Qxc3 Bb7 14. Bf4 O-O-O
15. h4 Rg4 16. Bh2 Re4+ 17. Kd1 d4 18. Qd2 Rg4 19. h5 Nf5 20. h6 Na5 21. h7 Ne3+
22. fxe3 dxe3 23. h8=Q exd2 24. Qf6 Qc3 25. Rb1 Be4 26. Ba6+ Kc7 27. Bd3 Nc4 28.
Bf4 Rxd3 29. cxd3 Nb2+ 30. Rxb2 Qc1+ 31. Ke2 Rxg2+ 32. Ke3 d1=N+ 0-1

[Event "Qatar Masters Open 2023"]
[Site "Doha QAT"]
[Date "2023.10.17"]
[Round "6.44"]
[White "Gagare, Shardul"]
[Black "Rosen, Eric"]
[Result "1/2-1/2"]
[WhiteTitle "GM"]
[BlackTitle "IM"]
[WhiteElo "2460"]
[BlackElo "2341"]
[WhiteFideId "5037883"]
[BlackFideId "2032562"]
[EventDate "2023.10.11"]

1. d4 d5 2. c4 e6 3. Nf3 Nf6 4. Nc3 Nbd7 5. cxd5 exd5 6. Bg5 c6 7. e3 h6 8. Bh4
g5 9. Bg3 Nh5 10. Qc2 Nxg3 11. hxg3 Bg7 12. O-O-O Nb6 13. e4 dxe4 14. Nxe4 Qd5
15. Nc3 Qa5 16. Re1+ Be6 17. Rxe6+ fxe6 18. Qg6+ Kf8 19. Qxe6 Re8 20. Qg6 Re7
21. Bd3 Nd5 22. Qf5+ Ke8 23. Qc8+ Kf7 24. Qf5+ Ke8 25. Qc8+ Kf7 26. Qf5+ Ke8 1/2-1/2

[Event "Qatar Masters Open 2023"]
[Site "Doha QAT"]
[Date "2023.10.17"]
[Round "6.45"]
[White "Haldorsen, Benjamin"]
[Black "Suyarov, Mukhammadzokhid"]
[Result "1/2-1/2"]
[WhiteTitle "IM"]
[BlackTitle "FM"]
[WhiteElo "2454"]
[BlackElo "2340"]
[WhiteFideId "1512633"]
[BlackFideId "14210495"]
[EventDate "2023.10.11"]

1. e4 e5 2. Nf3 Nf6 3. d4 Nxe4 4. Bd3 Nc6 5. dxe5 d5 6. Nbd2 Nxd2 7. Bxd2 Bg4 8.
Qe2 Nd4 9. Qe3 Bxf3 10. gxf3 Bc5 11. Qf4 Qh4 12. O-O-O Qxf4 13. Bxf4 Nxf3 14. c3
c6 15. h4 f6 16. exf6 gxf6 17. c4 dxc4 18. Bxc4 Rd8 19. Rh3 Rxd1+ 20. Kxd1 Ne5
21. Bxe5 fxe5 22. Ke2 Rf8 23. Rf3 Rxf3 24. Kxf3 Ke7 25. Bd3 h6 26. Ke2 Kd6 27.
f3 Bd4 28. b3 Bc3 29. Be4 Kc5 30. Kd3 Kb4 31. Kc2 Bd4 32. a4 a5 33. h5 Kc5 34.
Bg6 Bf2 35. Kd3 Bg3 36. Bf5 1/2-1/2

[Event "Qatar Masters Open 2023"]
[Site "Doha QAT"]
[Date "2023.10.17"]
[Round "6.46"]
[White "Ravi, Teja S."]
[Black "Dixit, Nikhil"]
[Result "1/2-1/2"]
[WhiteTitle "IM"]
[BlackTitle "FM"]
[WhiteElo "2448"]
[BlackElo "2327"]
[WhiteFideId "5017220"]
[BlackFideId "5059534"]
[EventDate "2023.10.11"]

1. d4 Nf6 2. Nf3 g6 3. g3 Bg7 4. Bg2 O-O 5. O-O d6 6. c4 Nc6 7. Nc3 e5 8. dxe5
dxe5 9. Qxd8 Rxd8 10. Bg5 Be6 11. Nd2 h6 12. Bxf6 Bxf6 13. Nde4 Be7 14. Nd5 Bxd5
15. cxd5 Nb4 16. Nc3 c6 17. Rfd1 Nxd5 18. Nxd5 cxd5 19. Bxd5 Kf8 20. Bxb7 Rab8
21. Rxd8+ Bxd8 22. Rd1 Bb6 23. Bd5 Rd8 24. e3 f5 25. b4 e4 26. a4 a5 27. b5 Ke7
28. Kf1 Rd6 29. Ke2 Bc5 30. f3 exf3+ 31. Kxf3 Kf6 32. e4 Ke5 33. Re1 g5 34. g4
fxe4+ 35. Bxe4 Rd2 36. Bf5+ Kd5 37. Be6+ Kd6 38. Bc4 Rf2+ 39. Ke4 Rf4+ 40. Kd3
Rd4+ 41. Kc3 Bb4+ 42. Kxd4 Bxe1 43. Ke4 Kc7 44. Kf5 Kb6 45. Kg6 Bh4 46. Kxh6 Kc7
47. Kg6 Kb6 48. Kf5 Kc7 1/2-1/2

[Event "Qatar Masters Open 2023"]
[Site "Doha QAT"]
[Date "2023.10.17"]
[Round "6.47"]
[White "Tarhan, Adar"]
[Black "Jain, Kashish Manoj"]
[Result "1-0"]
[WhiteTitle "FM"]
[BlackTitle "FM"]
[WhiteElo "2445"]
[BlackElo "2338"]
[WhiteFideId "34544712"]
[BlackFideId "35081098"]
[EventDate "2023.10.11"]

1. e4 c5 2. Nf3 d6 3. d4 cxd4 4. Nxd4 Nf6 5. Nc3 Nc6 6. Bg5 Bd7 7. Qd3 Rc8 8.
Nxc6 Bxc6 9. O-O-O e6 10. f4 Be7 11. Bxf6 gxf6 12. Be2 Qa5 13. Kb1 Qc5 14. f5
Qe5 15. Qh3 Bd7 16. Rhf1 Kd8 17. Bh5 Rf8 18. Ne2 Qxe4 19. Nd4 e5 20. Bf3 Qe3 21.
Nb3 Kc7 22. Rd3 Qg5 23. Bxb7 Kxb7 24. Rg3 Rg8 25. Rxg5 Rxg5 26. g4 Rg7 27. Na5+
Kb6 28. Qe3+ Ka6 29. Qa3 Kb6 30. Qb4+ Kc7 31. Rd1 h5 32. gxh5 Rg5 33. h6 Rxf5
34. h7 Rh5 35. Qc4+ 1-0

[Event "Qatar Masters Open 2023"]
[Site "Doha QAT"]
[Date "2023.10.17"]
[Round "6.48"]
[White "Mayank, Chakraborty"]
[Black "Venkatesh, M.R."]
[Result "1-0"]
[WhiteTitle "CM"]
[BlackTitle "GM"]
[WhiteElo "2333"]
[BlackElo "2428"]
[WhiteFideId "25659766"]
[BlackFideId "5005779"]
[EventDate "2023.10.11"]

1. d4 Nf6 2. c4 Nc6 3. Nf3 e6 4. g3 Bb4+ 5. Nbd2 O-O 6. Bg2 Re8 7. O-O Bf8 8.
Nb1 d5 9. Nc3 Na5 10. cxd5 exd5 11. Bg5 c6 12. Qa4 Be7 13. Ne5 Ng4 14. Bxe7 Rxe7
15. Nxg4 Bxg4 16. e4 dxe4 17. Bxe4 Bh3 18. Rfe1 g6 19. d5 Qb6 20. Bd3 Rae8 21.
Rxe7 Rxe7 22. Qh4 Qxb2 23. Rd1 Qxc3 24. Qxe7 cxd5 25. Qh4 Be6 26. Qf4 Nc6 27.
Qd2 Qxd2 28. Rxd2 Kf8 29. f4 Ke7 30. Kf2 Kd6 31. Be2 h5 32. Bf3 b5 33. f5 gxf5
34. Bxh5 a5 35. Be2 b4 36. h4 Ke5 37. Bb5 Ne7 38. Re2+ Kf6 39. Ke3 Ng6 40. Kd4
f4 41. Rf2 Ke7 42. gxf4 Nxh4 43. Kc5 Nf5 44. Kb6 d4 45. Kxa5 b3 46. axb3 Bxb3
47. Kb4 Be6 48. Kc5 Kf6 49. Bd3 Bc8 50. Bxf5 Bxf5 51. Kxd4 Be6 52. Rg2 Bb3 53.
Rg5 Bc2 54. Rc5 Bb1 55. Ke3 Bg6 56. Kf3 Bd3 57. Rd5 Bc2 58. Kg4 Bb3 59. Rf5+ Kg6
60. Rg5+ Kf6 61. Rc5 Bd1+ 62. Kh4 Bb3 63. Kg3 Bd1 64. Kf2 Bg4 65. Ke3 Bh3 66.
Rc2 Bd7 67. Rc7 Bh3 68. Rc5 Bg2 69. Rc2 Bh3 70. Kf3 Bd7 71. Rc7 Bh3 72. Rc5 Bf1
73. Rc1 Bd3 74. Ke3 Bg6 75. Rc6+ Kf5 76. Ra6 Bh7 77. Kf3 Bg6 78. Ra5+ Kf6 79.
Kg4 Bd3 80. f5 Bb1 81. Kf4 Bc2 82. Ra6+ Kg7 83. Kg5 Be4 84. Rb6 Bd3 85. f6+ Kh7
86. Rb3 Bg6 87. Rh3+ Kg8 88. Kf4 Bc2 89. Rh2 Bg6 90. Ke5 1-0

[Event "Qatar Masters Open 2023"]
[Site "Doha QAT"]
[Date "2023.10.17"]
[Round "6.49"]
[White "Saydaliev, Saidakbar"]
[Black "Liu, Yi"]
[Result "1-0"]
[WhiteTitle "IM"]
[BlackTitle "FM"]
[WhiteElo "2426"]
[BlackElo "2301"]
[WhiteFideId "14203693"]
[BlackFideId "3210588"]
[EventDate "2023.10.11"]

1. c4 e6 2. Nf3 d5 3. e3 Nf6 4. Nc3 c6 5. b3 Bd6 6. Bb2 e5 7. cxd5 cxd5 8. Nb5
Nc6 9. Nxd6+ Qxd6 10. d4 e4 11. Ne5 O-O 12. Be2 Ne7 13. a4 Ne8 14. Ba3 Qd8 15.
f4 exf3 16. Bxf3 Nd6 17. Qc2 Re8 18. O-O Be6 19. Bh5 Rc8 20. Qf2 g6 21. Bxd6
Qxd6 22. Nxf7 Bxf7 23. Qxf7+ Kh8 24. Bg4 Rf8 25. Qe6 Qxe6 26. Bxe6 Rce8 27. Bd7
Rd8 28. Rxf8+ Rxf8 29. Rc1 Rf7 30. Rc7 Nf5 31. Rc8+ Kg7 32. Bxf5 gxf5 33. Rd8 b5
34. axb5 1-0

[Event "Qatar Masters Open 2023"]
[Site "Doha QAT"]
[Date "2023.10.17"]
[Round "6.50"]
[White "Stearman, Josiah"]
[Black "Audi, Ameya"]
[Result "0-1"]
[WhiteTitle "IM"]
[BlackTitle "IM"]
[WhiteElo "2476"]
[BlackElo "2372"]
[WhiteFideId "2062496"]
[BlackFideId "25034430"]
[EventDate "2023.10.11"]

1. e4 c6 2. d4 d5 3. e5 Bf5 4. h4 h5 5. c4 e6 6. Nc3 dxc4 7. Bxc4 Nd7 8. Bg5 Qb6
9. Rc1 Be7 10. Nf3 Nh6 11. O-O Bg4 12. Bxe7 Kxe7 13. Ne4 Nf5 14. Qd3 Rad8 15.
Qa3+ Ke8 16. Nfg5 Qxd4 17. Nxf7 Kxf7 18. Ng5+ Kg6 19. Nxe6 Qd2 20. Nxd8 Rxd8 21.
Rfe1 Nxe5 22. Qc5 Nxc4 23. Qxc4 Nd4 24. Rb1 Rf8 25. Rf1 Be2 26. Qc5 Rf5 27. Qc1
Qxc1 28. Rfxc1 Bd3 0-1

[Event "Qatar Masters Open 2023"]
[Site "Doha QAT"]
[Date "2023.10.17"]
[Round "6.51"]
[White "Begmuratov, Khumoyun"]
[Black "Chen, Qi b"]
[Result "1/2-1/2"]
[WhiteTitle "FM"]
[BlackTitle "IM"]
[WhiteElo "2374"]
[BlackElo "2465"]
[WhiteFideId "14210207"]
[BlackFideId "8614733"]
[EventDate "2023.10.11"]

1. e4 e5 2. Nf3 Nc6 3. Bc4 Bc5 4. d3 d6 5. a4 Nf6 6. O-O O-O 7. c3 a5 8. Re1 h6
9. Nbd2 Ba7 10. Nf1 Ne7 11. Be3 Bxe3 12. Nxe3 Ng6 13. Bb3 Re8 14. Qc2 Be6 15.
Bxe6 Rxe6 16. Rad1 Qd7 17. Nf5 d5 18. d4 exd4 19. e5 Ne4 20. Rxd4 Ng5 21. Nxg5
hxg5 22. c4 Rae8 23. Rxd5 Rxe5 24. Rexe5 Rxe5 25. Ne3 Rxd5 26. cxd5 b6 27. g3
Ne7 28. Qe4 Ng6 29. Qc2 Ne7 30. Qe4 Ng6 31. Qc2 Ne7 1/2-1/2

[Event "Qatar Masters Open 2023"]
[Site "Doha QAT"]
[Date "2023.10.17"]
[Round "6.52"]
[White "Laddha, Shubh Jayesh"]
[Black "Vantika, Agrawal"]
[Result "1/2-1/2"]
[WhiteTitle "FM"]
[BlackTitle "IM"]
[WhiteElo "2373"]
[BlackElo "2435"]
[WhiteFideId "30942799"]
[BlackFideId "25050389"]
[EventDate "2023.10.11"]

1. e4 c5 2. Nf3 a6 3. Nc3 b5 4. d4 cxd4 5. Nxd4 e6 6. Bd3 Qb6 7. Nf3 Qc7 8. e5
Bb7 9. O-O f5 10. Qe2 b4 11. Nb1 Ne7 12. Nbd2 Ng6 13. Nc4 Be7 14. a3 bxa3 15. b3
O-O 16. Re1 Bxf3 17. Qxf3 Nc6 18. Qe3 Ncxe5 19. Nxe5 Bc5 20. Qg3 Nxe5 21. Bxa3
Bxa3 22. Rxa3 f4 23. Qh3 g6 24. Be4 Ra7 25. Rea1 a5 26. Ra4 Ra6 27. b4 d5 28.
Bd3 Nxd3 29. Qxd3 Rc6 30. bxa5 Rxc2 31. Qf1 f3 32. g3 Qa7 33. a6 Rb8 34. R4a3 e5
35. Rxf3 e4 36. Re3 Rf8 37. Re2 Rc3 38. Qd1 Rd3 39. Qc2 Rdf3 40. Qd2 Kg7 41.
Qb2+ Kh6 42. Qd2+ 1/2-1/2

[Event "Qatar Masters Open 2023"]
[Site "Doha QAT"]
[Date "2023.10.17"]
[Round "6.53"]
[White "Aradhya, Garg"]
[Black "Mohammad, Nubairshah Shaikh"]
[Result "1-0"]
[WhiteTitle "FM"]
[BlackTitle "IM"]
[WhiteElo "2344"]
[BlackElo "2432"]
[WhiteFideId "25006746"]
[BlackFideId "5053196"]
[EventDate "2023.10.11"]

1. Nf3 d6 2. d4 g6 3. g3 Bg7 4. Bg2 c5 5. dxc5 Qa5+ 6. Nc3 Bxc3+ 7. bxc3 Qxc3+
8. Bd2 Qxc5 9. O-O Nc6 10. Rb1 Nf6 11. Bh6 Ne4 12. Qd3 Bf5 13. Be3 Qa5 14. Nd4
Nxd4 15. Qxd4 e5 16. Qd3 d5 17. Rb5 Qa4 18. Qxd5 O-O 19. Bh6 Rfd8 20. Qxe5 f6
21. Qb2 Qa6 22. Rxb7 Rac8 23. g4 Bxg4 24. Bxe4 Bxe2 25. Rg7+ Kh8 26. Rxa7 Qxa7
27. Qxf6+ Kg8 28. Bd5+ Rxd5 29. Qe6+ Qf7 30. Qxc8+ 1-0

[Event "Qatar Masters Open 2023"]
[Site "Doha QAT"]
[Date "2023.10.17"]
[Round "6.54"]
[White "Lee, Jun Hyeok"]
[Black "Lagunow, Raphael"]
[Result "1/2-1/2"]
[WhiteTitle "IM"]
[BlackTitle "IM"]
[WhiteElo "2362"]
[BlackElo "2425"]
[WhiteFideId "13202340"]
[BlackFideId "24652644"]
[EventDate "2023.10.11"]

1. d4 d5 2. c4 c6 3. Nf3 Nf6 4. Nc3 dxc4 5. e4 b5 6. Be2 b4 7. Na4 Nxe4 8. Bxc4
Nd6 9. Bb3 Bg4 10. d5 cxd5 11. Bxd5 Nd7 12. Bxa8 Qxa8 13. Qd3 e5 14. O-O Be7 15.
Re1 Bf5 16. Qe3 f6 17. Nd4 Bg6 18. b3 O-O 19. Bb2 Re8 20. Nf3 Nf5 21. Qe2 Kh8
22. Rad1 Nb6 23. Nxb6 axb6 24. g4 Nd6 25. Nh4 Bf7 26. Rd3 Bf8 27. Red1 Ne4 28.
Nf5 Bc5 29. Ne3 Ng5 30. Nf5 e4 31. Rg3 Bd5 32. Qd2 Nf3+ 33. Rxf3 exf3 34. Bxf6
gxf6 35. Qh6 Bf8 36. Qxf6+ Kg8 37. Qg5+ Kf7 38. Qh5+ Kg8 39. Qg5+ Kf7 40. Qh5+
Kg8 1/2-1/2

[Event "Qatar Masters Open 2023"]
[Site "Doha QAT"]
[Date "2023.10.17"]
[Round "6.55"]
[White "Njili, Kamel"]
[Black "Shahil, Dey"]
[Result "0-1"]
[WhiteTitle "IM"]
[BlackTitle "IM"]
[WhiteElo "2423"]
[BlackElo "2357"]
[WhiteFideId "5500869"]
[BlackFideId "35062352"]
[EventDate "2023.10.11"]

1. d4 Nf6 2. Nf3 d5 3. c4 c6 4. e3 Bf5 5. Nc3 e6 6. Nh4 Bg6 7. Qb3 Qb6 8. Nxg6
hxg6 9. Bd2 Nbd7 10. g3 Qxb3 11. axb3 g5 12. Bg2 g4 13. e4 dxe4 14. Nxe4 Nxe4
15. Bxe4 a6 16. b4 Rd8 17. Bc3 Bd6 18. Bg2 Rh5 19. Ra5 g6 20. Rxh5 gxh5 21. h3
Ke7 22. hxg4 hxg4 23. Rh4 Rg8 24. Ke2 Nf6 25. Kd3 Rg5 26. Rh8 Rf5 27. Ke2 Kd7
28. b3 Ke7 29. Bd2 Kd7 30. Rh6 Ke7 31. Rh1 Kd7 32. Rh8 Ke7 33. Bf4 Bxf4 34. gxf4
Kd7 35. Ke3 Rh5 36. Rf8 Rh7 37. f5 exf5 38. b5 axb5 39. cxb5 Rh2 40. Rxf7+ Ke6
41. Rxb7 Rxg2 42. bxc6 Nd5+ 43. Kd3 Rxf2 44. b4 g3 45. Rg7 g2 46. b5 Kf6 47. Rg8
Ne7 48. c7 Nxg8 49. c8=Q g1=Q 50. Qf8+ Ke6 51. Qc8+ Kf7 52. Qc4+ Kg7 53. Qc7+
Kh6 54. Qc6+ Kg5 0-1

[Event "Qatar Masters Open 2023"]
[Site "Doha QAT"]
[Date "2023.10.17"]
[Round "6.56"]
[White "Sattarov, Bobir"]
[Black "Kushagra, Mohan"]
[Result "1-0"]
[WhiteTitle "IM"]
[BlackTitle "IM"]
[WhiteElo "2341"]
[BlackElo "2412"]
[WhiteFideId "14203081"]
[BlackFideId "25033638"]
[EventDate "2023.10.11"]

1. e4 c6 2. d4 d5 3. exd5 cxd5 4. Bd3 Nc6 5. c3 Qc7 6. h3 g6 7. Nf3 Bf5 8. O-O
Nf6 9. Re1 Bxd3 10. Qxd3 Bg7 11. Be3 O-O 12. Nbd2 e6 13. Re2 Nh5 14. Nb3 Nf4 15.
Bxf4 Qxf4 16. Rae1 b6 17. Qb5 Qc7 18. g3 Ne7 19. Ne5 Nf5 20. Qd3 Rad8 21. h4
Rfe8 22. Nf3 h5 23. Nbd2 Re7 24. Ne5 Nd6 25. Qf3 Kh7 26. g4 f6 27. Nd3 hxg4 28.
Qxg4 Bh6 29. Nf1 Rde8 30. Nf4 Bxf4 31. Qxf4 Kg7 32. Ng3 Qd7 33. Qg4 Kf7 34. Kg2
Rg8 35. Rh1 Nf5 36. h5 g5 37. h6 Nh4+ 38. Kf1 Kf8 39. Nh5 f5 40. Qg3 f4 41. Qd3
Rf7 42. Ng7 Rf6 43. Rxh4 f3 44. Rxe6 Rxe6 45. Nxe6+ Qxe6 46. Qxf3+ Ke7 47. Rh1
Kd7 48. Rh5 Qg6 49. Qxd5+ Kc7 50. h7 Qxh5 51. Qe5+ 1-0

[Event "Qatar Masters Open 2023"]
[Site "Doha QAT"]
[Date "2023.10.17"]
[Round "6.57"]
[White "Viani, Antonio Dcunha"]
[Black "Bagwe, Gaurang"]
[Result "1/2-1/2"]
[WhiteTitle "IM"]
[BlackTitle "FM"]
[WhiteElo "2410"]
[BlackElo "2348"]
[WhiteFideId "5027330"]
[BlackFideId "45039895"]
[EventDate "2023.10.11"]

1. e4 c6 2. d4 d5 3. e5 Bf5 4. c4 dxc4 5. Bxc4 e6 6. Nc3 Ne7 7. Nge2 Nd7 8. O-O
Nb6 9. Bd3 Qd7 10. Ne4 Bxe4 11. Bxe4 h5 12. Qc2 Nf5 13. Bxf5 exf5 14. Bg5 Nd5
15. Nc3 Be7 16. Nxd5 Bxg5 17. Nc3 O-O 18. Rad1 Qe6 19. f4 Bd8 20. d5 Bb6+ 21.
Kh1 cxd5 22. Rxd5 Rac8 23. Rfd1 Rc6 24. g3 Rfc8 25. Kg2 h4 26. Qe2 Bc5 27. Qh5
Be7 28. Rd7 R6c7 29. R7d2 g6 30. Qh6 Rxc3 31. bxc3 Qc6+ 32. Kh3 Re8 33. Rd6 Bxd6
34. Rxd6 Qf3 35. Rxg6+ fxg6 36. Qxg6+ Kf8 37. Qf6+ Kg8 38. Qg6+ Kf8 39. Qh6+ Kg8
40. Qg5+ Kf8 41. Qf6+ 1/2-1/2

[Event "Qatar Masters Open 2023"]
[Site "Doha QAT"]
[Date "2023.10.17"]
[Round "6.58"]
[White "Divya, Deshmukh"]
[Black "Rakesh, Kumar Jena"]
[Result "1-0"]
[WhiteTitle "WGM"]
[BlackTitle "IM"]
[WhiteElo "2408"]
[BlackElo "2312"]
[WhiteFideId "35006916"]
[BlackFideId "5084822"]
[EventDate "2023.10.11"]

1. e4 c5 2. Nf3 Nc6 3. d4 cxd4 4. Nxd4 Nf6 5. Nc3 e6 6. Ndb5 Bb4 7. a3 Bxc3+ 8.
Nxc3 d5 9. Bd3 dxe4 10. Nxe4 Nxe4 11. Bxe4 Qxd1+ 12. Kxd1 Bd7 13. Be3 O-O-O 14.
Kc1 e5 15. b3 Kc7 16. a4 a5 17. Re1 Rhe8 18. Kb2 f5 19. Bd3 Nb4 20. Bg5 Rc8 21.
Bd2 g6 22. Bc4 Bc6 23. g3 Bf3 24. Re3 e4 25. Rc3 Kb8 26. Be3 Rc6 27. Bf4+ Ka8
28. Re3 Rd8 29. Rc1 Rcc8 30. Rc3 Rc6 31. Re1 Rdc8 32. Ree3 Bd1 33. Re1 Bxc2 34.
Rxc2 Rxc4 35. bxc4 Nd3+ 36. Kc3 Nxe1 37. Rb2 Nd3 38. Rb5 Rc5 39. Be3 Rxb5 40.
cxb5 Nb4 41. Kc4 Kb8 42. Bb6 Nd3 43. Kd5 g5 44. g4 Nf4+ 45. Ke5 fxg4 46. Kxe4
Kc8 47. Bxa5 Kd7 48. Kf5 h6 49. Bb6 Nd5 50. Bd4 Ne7+ 51. Kxg4 Ke6 52. a5 Kd5 53.
a6 bxa6 54. bxa6 Kc6 55. Kh5 Nf5 56. Bc5 Nh4 57. Kxh6 Nf3 58. Bd6 Kb6 59. Kh5
Kxa6 60. Kg4 Nd2 61. Bg3 Kb7 62. Kxg5 Kc6 63. h4 Kd7 64. Kg6 Ke8 65. Kg7 Nf3 66.
h5 Nd4 67. h6 Nf5+ 68. Kg6 Ne7+ 69. Kf6 1-0

[Event "Qatar Masters Open 2023"]
[Site "Doha QAT"]
[Date "2023.10.17"]
[Round "6.59"]
[White "Garv, Gaur"]
[Black "Bakhrillaev, Bakhrom"]
[Result "1-0"]
[WhiteTitle "FM"]
[BlackTitle "FM"]
[WhiteElo "2401"]
[BlackElo "2302"]
[WhiteFideId "45030839"]
[BlackFideId "14212285"]
[EventDate "2023.10.11"]

1. d4 Nf6 2. Nf3 g6 3. c4 Bg7 4. g3 O-O 5. Bg2 d6 6. O-O Nbd7 7. Nc3 e5 8. e4
exd4 9. Nxd4 Re8 10. h3 a6 11. Be3 Rb8 12. b3 c5 13. Nde2 b5 14. Qxd6 b4 15. Na4
Nxe4 16. Bxe4 Bxa1 17. Rxa1 Rxe4 18. Nxc5 Re8 19. Rd1 Qe7 20. Qxe7 Rxe7 21. Nf4
Nxc5 22. Bxc5 Rd7 23. Nd5 Kg7 24. Bd4+ f6 25. Bxf6+ Kf7 26. Be5 Ra8 27. Rc1 Rd8
28. Nb6 Ra7 29. c5 Re7 30. f4 Bxh3 31. c6 Bc8 32. c7 Rg8 33. Nc4 Re6 34. Rd1 Ke7
35. Bd6+ Kf6 36. Bxb4 Ree8 37. Bc3+ Ke6 38. Kf2 Ref8 39. Bb4 Re8 40. Nd6 Ref8
41. Ne4 Re8 42. Rd6+ Kf7 43. Ng5+ Kg7 44. Bc3+ Kf8 45. Nxh7+ Ke7 46. Bb4 Kf7 47.
Ng5+ Kg7 48. Bc3+ Kf8 49. Bf6 a5 50. a3 Bg4 51. Rd8 Bc8 52. b4 a4 53. b5 Bb7 54.
Rd7 Rc8 55. Rf7+ Ke8 56. Re7+ 1-0

[Event "Qatar Masters Open 2023"]
[Site "Doha QAT"]
[Date "2023.10.17"]
[Round "6.60"]
[White "Raahul, V S"]
[Black "Jin, Yueheng"]
[Result "1-0"]
[WhiteTitle "IM"]
[WhiteElo "2340"]
[BlackElo "2398"]
[WhiteFideId "25035525"]
[BlackFideId "8616868"]
[EventDate "2023.10.11"]

1. c4 e6 2. Nc3 d5 3. d4 Be7 4. cxd5 exd5 5. Bf4 c6 6. e3 Bf5 7. g4 Be6 8. Qb3
Qb6 9. f3 Nd7 10. h4 Qxb3 11. axb3 a6 12. Bd3 Ngf6 13. Nge2 O-O 14. Ng3 Rfd8 15.
Kf2 Ne8 16. g5 Bd6 17. Nce2 Rac8 18. Bxd6 Nxd6 19. b4 Re8 20. Nf4 Nf8 21. h5 Rc7
22. Rae1 Rce7 23. e4 dxe4 24. Nxe4 Nxe4+ 25. fxe4 Bd7 26. g6 Ne6 27. Nxe6 Bxe6
28. gxf7+ Bxf7 29. Rh4 Rd8 30. Ke3 Be6 31. Rf1 Red7 32. e5 Re7 33. Rhf4 Red7 34.
R1f2 Re7 35. Bf5 Bxf5 36. Rxf5 Rde8 37. h6 g6 38. Rf6 Rd8 39. R2f4 Red7 40. Kd3
a5 41. e6 Re7 42. bxa5 Rde8 43. Rf7 g5 44. Rxe7 Rxe7 45. Rf6 Re8 46. Ke4 g4 47.
Kf4 Rd8 48. Kg3 Ra8 49. Kxg4 Rxa5 50. e7 Ra8 51. Kf5 b5 52. Ke6 b4 53. Kd7 Ra7+
54. Kd6 Ra8 55. Kxc6 Ra6+ 56. Kc5 1-0

[Event "Qatar Masters Open 2023"]
[Site "Doha QAT"]
[Date "2023.10.17"]
[Round "6.61"]
[White "Banh Gia Huy"]
[Black "Avinash, Ramesh"]
[Result "1-0"]
[WhiteTitle "FM"]
[BlackTitle "IM"]
[WhiteElo "2397"]
[BlackElo "2286"]
[WhiteFideId "12424714"]
[BlackFideId "45018340"]
[EventDate "2023.10.11"]

1. d4 Nf6 2. Bf4 g6 3. Nf3 Bg7 4. c3 d6 5. Nbd2 O-O 6. e4 b6 7. h3 Bb7 8. Qc2
Nbd7 9. Be2 Re8 10. O-O e5 11. dxe5 dxe5 12. Be3 Qe7 13. a4 a5 14. Rfb1 Nc5 15.
Ng5 h6 16. b4 Na6 17. Bxa6 Bxa6 18. Ngf3 Red8 19. b5 Bb7 20. c4 Nd7 21. Nb3 f5
22. exf5 gxf5 23. Qxf5 Rf8 24. Qg4 Nf6 25. Qh4 Bxf3 26. gxf3 Kh7 27. Nd2 Qe6 28.
Kh1 Qf5 29. Rg1 Qh5 30. Qxh5 Nxh5 31. Rac1 Nf4 32. Bxf4 Rxf4 33. Rg3 Rd8 34. Ne4
Rd3 35. Kg2 Rf7 36. c5 bxc5 37. Nxc5 Rd6 38. Rc4 Bf8 39. Nb3 Rd3 40. Nxa5 Rd2
41. Nb3 Ra2 42. Rgg4 Ra3 43. Nd2 Rd3 44. Ne4 Rdxf3 45. Rg3 R3f4 46. a5 Bc5 47.
Rxc5 Rxe4 48. Rgc3 Rg7+ 49. Kf1 Ra4 50. a6 Ra5 51. Rxe5 Ra1+ 52. Re1 Ra5 53.
Rec1 Rxb5 54. Rxc7 Rxc7 55. Rxc7+ Kg6 56. Ra7 Ra5 57. Ra8 Kg5 58. a7 Kh4 59. f4
Kxh3 60. Ke2 h5 61. f5 Re5+ 62. Kd3 Re7 63. f6 Rb7 64. Ke4 h4 65. Kf5 Rc7 66.
Kg6 Kg4 67. f7 Rc6+ 68. Kg7 Rc7 69. Kf6 h3 70. Rg8+ Kf4 71. a8=Q h2 72. Rg4+
Kxg4 73. Qg2+ Kf4 74. Qxh2+ 1-0

[Event "Qatar Masters Open 2023"]
[Site "Doha QAT"]
[Date "2023.10.17"]
[Round "6.62"]
[White "Aaryan, Varshney"]
[Black "Peng, Hongchi"]
[Result "1-0"]
[WhiteTitle "FM"]
[WhiteElo "2339"]
[BlackElo "2395"]
[WhiteFideId "45048975"]
[BlackFideId "8609047"]
[EventDate "2023.10.11"]

1. d4 f5 2. Nf3 Nf6 3. g3 g6 4. Bg2 Bg7 5. O-O O-O 6. c4 d6 7. Nc3 Qe8 8. d5 Na6
9. Nd4 Bd7 10. b3 c6 11. Bb2 Nc7 12. Qd2 Rb8 13. dxc6 bxc6 14. Rad1 Rd8 15. Nc2
Bc8 16. Nb4 Bd7 17. Rfe1 Ne6 18. Nd3 g5 19. e4 f4 20. e5 Ng4 21. exd6 fxg3 22.
hxg3 exd6 23. Bh3 Qh5 24. Bxg4 Qxg4 25. Ne4 c5 26. Bxg7 Kxg7 27. Qb2+ Nd4 28.
Nxd6 Kg8 29. Ne5 Qh3 30. Rxd4 cxd4 31. Qxd4 Be6 32. c5 Qh6 33. Nc6 Rd7 34. Qe5
Rf6 35. Nd4 Bh3 36. Qd5+ Kh8 37. Qe5 Kg8 38. Ne4 Rf8 39. b4 Qg7 40. Nd6 Qxe5 41.
Rxe5 h6 42. f3 Rf6 43. g4 Rf4 44. Rd5 Bxg4 45. fxg4 Rxg4+ 46. Kh2 h5 47. c6 Re7
48. N6f5 Rc7 49. Nh6+ 1-0